एसो पंच णमोक्कारो / (Record no. 13960)

MARC details
000 -LEADER
fixed length control field 00966nam a22002177a 4500
005 - DATE AND TIME OF LATEST TRANSACTION
control field 20080624151852.0
008 - FIXED-LENGTH DATA ELEMENTS--GENERAL INFORMATION
fixed length control field 080624t xxu||||| |||| 00| 0 hin d
010 ## - LIBRARY OF CONGRESS CONTROL NUMBER
LC control number HIN-46018
020 ## - INTERNATIONAL STANDARD BOOK NUMBER
Terms of availability 110.00
035 ## - SYSTEM CONTROL NUMBER
System control number HN-27344
037 ## - SOURCE OF ACQUISITION
Source of stock number/acquisition DBAD
040 ## - CATALOGING SOURCE
Original cataloging agency dpl
Language of cataloging HN
082 ## - DEWEY DECIMAL CLASSIFICATION NUMBER
Classification number 181.492
100 ## - MAIN ENTRY--PERSONAL NAME
Personal name महाप्रज्ञ
245 ## - TITLE STATEMENT
Title एसो पंच णमोक्कारो /
Statement of responsibility, etc महाप्रज्ञ, दुलहराज द्वारा संपादित
260 ## - PUBLICATION, DISTRIBUTION, ETC. (IMPRINT)
Place of publication, distribution, etc चूरू
Name of publisher, distributor, etc आदर्श साहित्य संघ
Date of publication, distribution, etc 1999
300 ## - PHYSICAL DESCRIPTION
Extent 156पृ.
Dimensions 23सेमी.
700 ## - ADDED ENTRY--PERSONAL NAME
Personal name दुलहराज द्वारा संपादित
942 ## - ADDED ENTRY ELEMENTS (KOHA)
Koha item type Hindi Books
Source of classification or shelving scheme Dewey Decimal Classification
Classification part 181.492
Call number suffix महाप्र
Holdings
Withdrawn status Lost status Damaged status Not for loan Collection code Home library Current library Date acquired Cost, normal purchase price Total Checkouts Full call number Barcode Date last seen Copy number Cost, replacement price Price effective from Koha item type
      Not For Loan Non-fiction D.B.Act.Division D.B.Act.Division 24/06/2008 110.00   181.492 महाप्र HN-27344 15/09/2008 1 110.00 15/09/2008 Hindi Books

© Delhi Public Library
Hit Counter
free hit counter